<?xml version="1.0" encoding="UTF-8"?>
<record
    xmlns:xsi="http://www.w3.org/2001/XMLSchema-instance"
    xsi:schemaLocation="http://www.loc.gov/MARC21/slim http://www.loc.gov/standards/marcxml/schema/MARC21slim.xsd"
    xmlns="http://www.loc.gov/MARC21/slim">

  <leader>02444agaaa2200325   4500</leader>
  <controlfield tag="001">6410</controlfield>
  <controlfield tag="003">IT-RoPAU</controlfield>
  <controlfield tag="005">20220918181231.0</controlfield>
  <controlfield tag="007">d cvaizq</controlfield>
  <controlfield tag="008">50131s9999||||xx ||| |     ||   ||und||</controlfield>
  <datafield tag="040" ind1=" " ind2=" ">
    <subfield code="a">IT-RoPAU</subfield>
    <subfield code="c">IT-RoPAU</subfield>
  </datafield>
  <datafield tag="041" ind1=" " ind2=" ">
    <subfield code="a">ITALIANO</subfield>
  </datafield>
  <datafield tag="100" ind1=" " ind2=" ">
    <subfield code="a">Marino Umberto</subfield>
    <subfield code="g">Codice regista SPICS: 36528</subfield>
    <subfield code="9">40905</subfield>
  </datafield>
  <datafield tag="130" ind1=" " ind2=" ">
    <subfield code="a">BAMBINO DI BETLEMME (IL)</subfield>
    <subfield code="9">40906</subfield>
  </datafield>
  <datafield tag="245" ind1=" " ind2=" ">
    <subfield code="a">BAMBINO DI BETLEMME (IL)</subfield>
    <subfield code="c">Prodotto da: Bernabei Luca -- Sceneggiatura: Marino Umberto Zincone Elisabetta -- Diretto da: Marino Umberto</subfield>
    <subfield code="p">BAMBINO DI BETLEMME (IL) (Rif. Codice opera principale : H6410)</subfield>
  </datafield>
  <datafield tag="250" ind1=" " ind2=" ">
    <subfield code="a">Edizione Standard</subfield>
  </datafield>
  <datafield tag="260" ind1=" " ind2=" ">
    <subfield code="a">(ITALIA)</subfield>
    <subfield code="b">LUX FILM - VIDES / Distribuzione: MULTIMEDIA SAN PAOLO</subfield>
    <subfield code="g">"2005 (1&#xB0; ed.: 2006 ; Ed. Lingua Orig.: 2005)"</subfield>
  </datafield>
  <datafield tag="300" ind1=" " ind2=" ">
    <subfield code="a">DVD</subfield>
    <subfield code="b">sonoro, col.</subfield>
    <subfield code="c">97 minuti</subfield>
  </datafield>
  <datafield tag="508" ind1=" " ind2=" ">
    <subfield code="a">"Fotografia: Geslini Alessio; Montaggio: Siciliano Roberto; Musica: Frisina Marco; Sceneggiatura: Marino Umberto Zincone Elisabetta; Scenografia: Biagetti P. D'Ambros; Soggetto: Marino Umberto -- Zincone Elisabetta"</subfield>
  </datafield>
  <datafield tag="511" ind1=" " ind2=" ">
    <subfield code="a">"Brignano Enrico; Fassari Antonello; Caprioli Carlo; Botosso Claudio; Bakri Mohammad"</subfield>
  </datafield>
  <datafield tag="520" ind1=" " ind2=" ">
    <subfield code="a">UNA STORIA DI SPEERANZA CHE PRENDE LO SPUNTO DAL TERRIBILE ASSEDIO DELLA BASILICA DELLA NATIVITA' DI BETLEMME AVVENUTA NELL'APRILE DEL 2002. PROTAGONISTA DI QUESTA AVVENTURA E' DAMIANO, UN CAMERAMAN TELEVISIVO, COSTRETTO A LASCIARE LA VIGILIA DI PASQUA LA MOGLIE E LA FIGLIOLETTA PER ANDARE A GERUSALEMME COME INVIATO CON L'INCARICO DI REALIZZARE UN SERVIZIO SULLA SITUAZIONE IN PALESTINA. VIVRA' IN PRIMA PERSONA UN'AVVENTURA UMANA UNICA, DURATA OLTRE 30 GIORNI, SOTTO I RIFLETTORI DI TUTTO IL MONDO ACCESI SULLA BASILICA ESU CIO' CHE ACCADEVA DENTRO E FUORI DI ESSA, CON LE DRAMMATICHE TESTIMONIANZE DEI FRATI, IL COINVOLGIMENTO DIPLOMATICO AMERICANO ED EUROPEO, LA VOCE DEL PAPA CHE SI APPELLAVA AFFINCHE' FOSSE RISPARMIATO IL SUOLO DOVE TRADIZIONE VUOLE CHE NACQUE GESU'. FILM TV. FILM ANDATO IN ONDA SU RAIUNO...</subfield>
  </datafield>
  <datafield tag="538" ind1=" " ind2=" ">
    <subfield code="a">PAL, STEREO</subfield>
  </datafield>
  <datafield tag="546" ind1=" " ind2=" ">
    <subfield code="a">ITALIANO</subfield>
  </datafield>
  <datafield tag="650" ind1=" " ind2=" ">
    <subfield code="a">DRAMMATICO</subfield>
    <subfield code="e">DVD-FILM [DVD]</subfield>
    <subfield code="x">Codice MATERIA SPICS: 9947</subfield>
    <subfield code="9">40907</subfield>
  </datafield>
  <datafield tag="700" ind1=" " ind2=" ">
    <subfield code="a">Frisina Marco</subfield>
    <subfield code="e">(musica)</subfield>
    <subfield code="g">Codice Musica SPICS: 38406</subfield>
    <subfield code="9">40908</subfield>
  </datafield>
  <datafield tag="700" ind1=" " ind2=" ">
    <subfield code="a">Marino Umberto </subfield>
    <subfield code="e">(regista)</subfield>
    <subfield code="g">Codice regista SPICS: 36528</subfield>
    <subfield code="9">40909</subfield>
  </datafield>
  <datafield tag="700" ind1=" " ind2=" ">
    <subfield code="a">Marino Umberto </subfield>
    <subfield code="e">(soggetto)</subfield>
    <subfield code="g">Codice Soggetto SPICS: 36528</subfield>
    <subfield code="9">40910</subfield>
  </datafield>
  <datafield tag="700" ind1=" " ind2=" ">
    <subfield code="a">Zincone Elisabetta </subfield>
    <subfield code="e">(soggetto)</subfield>
    <subfield code="g">Codice Soggetto 2&#xB0; SPICS: 58520</subfield>
    <subfield code="9">40911</subfield>
  </datafield>
  <datafield tag="942" ind1=" " ind2=" ">
    <subfield code="c">DV</subfield>
    <subfield code="2">ddc</subfield>
  </datafield>
  <datafield tag="999" ind1=" " ind2=" ">
    <subfield code="c">105349</subfield>
    <subfield code="d">105349</subfield>
  </datafield>
  <datafield tag="952" ind1=" " ind2=" ">
    <subfield code="0">0</subfield>
    <subfield code="1">0</subfield>
    <subfield code="4">0</subfield>
    <subfield code="6">H_6410_000000000000000</subfield>
    <subfield code="7">1</subfield>
    <subfield code="a">SPICS</subfield>
    <subfield code="b">SPICS</subfield>
    <subfield code="d">2015-01-31</subfield>
    <subfield code="l">0</subfield>
    <subfield code="o">H6410</subfield>
    <subfield code="r">2015-01-31 00:00:00</subfield>
    <subfield code="w">2015-01-31</subfield>
    <subfield code="y">DV</subfield>
    <subfield code="z">Progr. Ins.: 3427 / N.Vol.:1 / Copie: 1 / Pag.:0 / Copia rara: n.d. / date import: 1.2.2015 / By Epidotti, Trombetti, Vaglietti</subfield>
  </datafield>
</record>
